Trh práce a sociálne dôsledky ekonomickej reformy v Slovenskej republike

Guardado en:
Detalles Bibliográficos
Formato: Libro
Lenguaje:eslovaco
Publicado: Bratislava Bradlo 1994
Edición:1. vyd.
Materias:
Etiquetas: Agregar Etiqueta
Sin Etiquetas, Sea el primero en etiquetar este registro!

MARC

LEADER 00000nam a2200000 4500
001 c005851
005 20221128074201.7
020 |a 80-7127-049-0 
041 0 |a slo 
044 |a SK 
245 1 0 |a Trh práce a sociálne dôsledky ekonomickej reformy v Slovenskej republike 
250 |a 1. vyd. 
264 1 |a Bratislava  |b Bradlo  |c 1994 
300 |a 383 s. 
610 2 0 |a trh práce 
610 2 0 |a reformy hospodárske 
610 2 0 |a reformy sociálne 
610 2 0 |a Slovensko 
610 2 0 |a transformácia 
610 2 0 |a pohyb síl pracovných 
610 2 0 |a prognózovanie 
610 2 0 |a pomoc zahraničná 
610 2 0 |a zmeny štruktúrne